000 00798nas a2200253 4500
001 BR2013010936
003 BR-BrBNA
005 20231205123529.0
007 ta
008 230509b bl.|||p| |||| 00| 00por d
040 _aBR-BrBNA
_bpor
_cBiblioteca Nacional de Agricultura
041 _a(Pt)
072 _aL73; L70
100 1 _aRodrigues, D.C.
100 1 _aFaria, J. de F.
245 1 _aAntibacteriano + Antiinflamatório: combinação positiva no tratamento da doença respiratória bovina
650 _aBOVINO
650 _aINFECÇÃO
650 _aANTIBIÓTICO
650 _aDOENÇA RESPIRATÓRIA
773 0 _tA Hora Veterinária (Brazil)
_xISSN 0101-9163
_g(Jul-Aug 2013), v. 33(194) p. 30-33
_wBR2013010936
909 _a202311
_bLúcia
_c55
_dLúcia Elande
942 _2AGRIS
_n0
_cANA
999 _c234376
_d234376